00385nam a2200133Ia 4500008004100000020001500041041001200056082001100068100001500079245009300094260003900187300000900226650001600235221030s9999 xx 000 0 und d a8131709948 aEnglish a105.23 aF. Halsall 0aMultimedia Communications - Applications, Networks, Protocols & Standardscby F. Halsall bPearson EdcuationaNew Delhic2011 a1056 aBE Computer